000 02537nam a2200217Ia 4500
999 _c38099
_d38099
003 OSt
005 20210302105549.0
008 160316s2005 xxu||||| |||| 00| 0 eng d
020 _a9789058501622
040 _cn
082 _a303.690000
_bHON
100 _aHong Quoc Loc
245 _aThe legal inclusion of extremist speech
260 _aThe Netherlands
_bWolf Legal Publishers
_c2005
300 _a232p
365 _b Gratis
505 _aDescription: The freedom of speech belongs to the classical human rights. However, are people who undermine human rights, and want to destroy democracy also entitled to the right of freedom of speech? This is the main question Q.L. Hong addresses in his PhD. thesis.At the end of July 2001, only six months before the attacks on the Twin Towers, the European Court of Human Rights in Strasbourg reviewed the conflict between Turkey and the Refah Partisi. According to the Turkish government the goal of this political party is to destroy the Turkish democracy and to reinstate an Islamic theocracy instead. This being a reason for the Turkish government to disband the Refah Partisi. However is this not in violation with the European Convention on Human Rights (ECHR), which among others guarantees the freedom of speech and association? The judges of the European Court found that this was not the case: the ban on this party was just.The PhD. thesis of Quoc Loc Hong goes more deeply into the meaning of this case: can a democracy protect itself with repressive legislation against enemies , who use the freedom of speech to destroy this form of government, without violating the principle from which democracy itself derives her legitimacy? When this question is answered positively, another problem emerges. It must be prevented that the fight for democracy against the specific danger of anti-democratic expression will degenerate in a general restriction on the freedom of speech itself. The question is, if a democratic justification can be found for the strict control to which the judiciary subjects this legislation.The theme of Hong s thesis touches a highly current topic: the freedom of speech, which in the Netherlands too is currently at issue.Moreover this thesis discusses how democracy and the administration of justice should react, such as the sanctioning of the apologia, and the glorification of terrorist acts. lands too is currently at issue.
650 _a1. Radicalism - Extremist Speech2. Violence - Political Violence
700 _a
_a
942 _2ddc
_cBK